[Event "SRI-chT"]
[Site "Colombo"]
[Date "2023.07.28"]
[Round "1.2"]
[White "Rathnayake, MAAH"]
[Black "Munasinghe, Shanaka"]
[Result "1/2-1/2"]
[WhiteElo "1885"]
[BlackElo "1881"]
[PlyCount "46"]
[EventDate "2023.07.28"]
[EventType "team-tourn"]
[EventRounds "9"]
[EventCountry "SRI"]
[SourceTitle "CBM 215 Extra"]
[Source "ChessBase"]
[SourceDate "2023.09.30"]
[SourceVersion "1"]
[SourceVersionDate "2023.09.30"]
[SourceQuality "1"]
[WhiteTeam "AAH"]
[BlackTeam "Anandians CC"]
[WhiteTeamCountry "SRI"]
[BlackTeamCountry "SRI"]

1. e4 d6 2. d4 g6 3. Nf3 Bg7 4. c3 Nf6 5. Bd3 0-0 6. 0-0 Nc6 7. d5 Ne5 8. Nxe5 dxe5 9. c4 e6 10. Nc3 Nh5 11. g3 exd5 12. cxd5 c6 13. dxc6 bxc6 14. Be2 Nf6 15. Qxd8 Rxd8 16. f3 Be6 17. Be3 Nd7 18. Na4 Nb6 19. Nc5 Bc4 20. Rf2 Bf8 21. b3 Bxe2 22. Rxe2 a5 23. Rc1 a4 1/2-1/2

[Event "Delkanda Inter Club-chT"]
[Site "Delkanda"]
[Date "2021.02.28"]
[Round "6.6"]
[White "Deshappriya, D Kalindu"]
[Black "Rathnayake, MAAH"]
[Result "0-1"]
[WhiteElo "1616"]
[BlackElo "1910"]
[PlyCount "83"]
[EventDate "2021.02.26"]
[EventType "team-tourn"]
[EventRounds "9"]
[EventCountry "SRI"]
[SourceTitle "EXT 2022"]
[Source "ChessBase"]
[SourceDate "2021.10.06"]
[SourceVersion "1"]
[SourceVersionDate "2021.10.06"]
[SourceQuality "1"]
[WhiteTeam "Sri Lanka Navy CC"]
[BlackTeam "Jayewardenepura Univ"]
[WhiteTeamCountry "SRI"]
[BlackTeamCountry "SRI"]

1. d4 Nf6 2. Bf4 g6 3. Nc3 d6 4. e4 Bg7 5. Qd2 Nc6 6. 0-0-0 Nd7 7. Nf3 e5 8. dxe5 Ncxe5 9. Nxe5 dxe5 10. Bg5 Bf6 11. Bxf6 Qxf6 12. Nd5 Qd8 13. Qh6 c6 14. Qg7 Rf8 15. Ne3 Qf6 16. Qxf6 Nxf6 17. f3 Be6 18. Bc4 Ke7 19. Rd3 Rfd8 20. Rhd1 Rxd3 21. Rxd3 Ne8 22. Bxe6 Kxe6 23. Nc4 Rc8 24. Ra3 b5 25. Nd2 Rc7 26. b4 Nd6 27. Ra6 f5 28. Kd1 Kd7 29. Ke2 Kc8 30. Ra3 Rd7 31. Rc3 Kc7 32. Rc5 Re7 33. Ke3 Kb6 34. a3 a5 35. Rc3 a4 36. Rd3 Kc7 37. g4 fxg4 38. fxg4 Rf7 39. Ke2 Rf4 40. Rh3 Nxe4 41. Rxh7+ Kd6 42. c4 0-1

[Event "Delkanda Inter Club-chT"]
[Site "Delkanda"]
[Date "2021.02.26"]
[Round "1.6"]
[White "Ahangama, Senuka Aswin"]
[Black "Rathnayake, MAAH"]
[Result "1-0"]
[WhiteElo "1523"]
[BlackElo "1910"]
[PlyCount "131"]
[EventDate "2021.02.26"]
[EventType "team-tourn"]
[EventRounds "9"]
[EventCountry "SRI"]
[SourceTitle "EXT 2022"]
[Source "ChessBase"]
[SourceDate "2021.10.06"]
[SourceVersion "1"]
[SourceVersionDate "2021.10.06"]
[SourceQuality "1"]
[WhiteTeam "Black and Gold CC"]
[BlackTeam "Jayewardenepura Univ"]
[WhiteTeamCountry "SRI"]
[BlackTeamCountry "SRI"]

1. d4 Nf6 2. c4 g6 3. Nc3 d5 4. Bg5 Bg7 5. Bxf6 exf6 6. cxd5 0-0 7. Nf3 f5 8. e3 Re8 9. Be2 Nd7 10. 0-0 a6 11. a4 Nf6 12. Ne5 Ne4 13. Nd3 Nxc3 14. bxc3 Qxd5 15. Nf4 Qd6 16. Qb3 Rb8 17. Qd5 Qe7 18. Qc4 c6 19. a5 Bh6 20. Rfe1 g5 21. Nd3 Be6 22. Qc5 Qd8 23. Rab1 Bf8 24. Qb6 Qxb6 25. Rxb6 Bd6 26. Reb1 Bc7 27. Rxb7 Rxb7 28. Rxb7 Bxa5 29. Ne5 Bxc3 30. Bh5 Rf8 31. Nxc6 Kg7 32. Ne5 a5 33. Rc7 Bb4 34. Ra7 Bb3 35. Nd3 Bd2 36. Nc5 Bd5 37. Bf3 Rb8 38. h3 Bxf3 39. gxf3 Bb4 40. Nd3 Re8 41. Nxb4 axb4 42. Rb7 f4 43. e4 h5 44. Rxb4 g4 45. hxg4 hxg4 46. Kg2 Kg6 47. fxg4 Rxe4 48. Kf3 Re1 49. Kxf4 Rd1 50. f3 f6 51. Ra4 Rd2 52. Ke3 Rd1 53. Ra6 Re1+ 54. Kf4 Rd1 55. Rd6 Kf7 56. Kf5 Ke7 57. Re6+ Kd7 58. Rxf6 Rxd4 59. f4 Ke7 60. g5 Rd1 61. Kg6 Rh1 62. Kg7 Rg1 63. g6 Rf1 64. f5 Rh1 65. Re6+ Kd7 66. Re2 1-0

[Event "SRI-chB"]
[Site "Colombo"]
[Date "2018.03.03"]
[Round "5"]
[White "Jayaweera, CL."]
[Black "Rathnayake, MAAH"]
[Result "0-1"]
[WhiteElo "1736"]
[BlackElo "1932"]
[PlyCount "102"]
[EventDate "2018.03.01"]
[EventType "swiss"]
[EventRounds "10"]
[EventCountry "SRI"]
[SourceTitle "EXT 2019"]
[Source "ChessBase"]
[SourceDate "2018.10.10"]
[SourceVersion "1"]
[SourceVersionDate "2018.10.10"]
[SourceQuality "1"]

1. d4 Nf6 2. c4 c5 3. d5 e5 4. Nc3 d6 5. e4 Nbd7 6. Bd3 Be7 7. Nge2 h5 8. a3 h4 9. f3 Nf8 10. Bc2 Ng6 11. Ba4+ Kf8 12. Be3 Nh5 13. Qd2 a6 14. b4 b6 15. Bc6 Ra7 16. Rb1 Kg8 17. bxc5 bxc5 18. Na4 Kh7 19. 0-0 Bd7 20. Bxd7 Qxd7 21. Nb6 Qc7 22. f4 Rb8 23. f5 Rxb6 24. fxg6+ fxg6 25. Bg5 Rab7 26. Rxb6 Rxb6 27. g4 hxg3 28. Nxg3 Bxg5 29. Qxg5 Nf4 30. Qg4 Rb2 31. Kh1 Qb6 32. Rg1 Qb3 33. Rf1 Qc2 34. Qh4+ Nh5 35. Qh3 Rb1 36. Nxh5 Rxf1+ 37. Qxf1 Qxe4+ 38. Kg1 gxh5 39. Qc1 Qg6+ 40. Kh1 e4 41. Qf4 Qg4 42. Qxd6 Qf3+ 43. Kg1 e3 44. Qg3 Qd1+ 45. Kg2 e2 46. Qf3 e1Q 47. Qf5+ Kh6 48. Qf4+ Kg6 49. Qd6+ Kf5 50. Qd7+ Ke5 51. Qe7+ Kd4 0-1

[Event "SRI-chB"]
[Site "Colombo"]
[Date "2016.03.20"]
[Round "8"]
[White "Sandeepa, Haputhanthrige N Ak"]
[Black "Rathnayake, MAAH"]
[Result "1-0"]
[WhiteElo "1723"]
[BlackElo "1886"]
[PlyCount "109"]
[EventDate "2016.03.12"]
[EventType "swiss"]
[EventRounds "10"]
[EventCountry "SRI"]
[SourceTitle "CBM 171 Extra"]
[Source "ChessBase"]
[SourceDate "2016.04.26"]
[SourceVersion "1"]
[SourceVersionDate "2016.04.26"]
[SourceQuality "1"]

1. Nf3 Nf6 2. g3 g6 3. Bg2 Bg7 4. 0-0 0-0 5. d4 d5 6. c4 c6 7. Nc3 Ne4 8. Bf4 Nxc3 9. bxc3 Nd7 10. cxd5 cxd5 11. Qb3 Nb6 12. Nd2 Bd7 13. a4 Bc6 14. a5 Nc8 15. e4 e6 16. exd5 exd5 17. Rfe1 Kh8 18. Nf3 f6 19. h4 a6 20. Nd2 Na7 21. Qb4 Re8 22. Nb3 Bf8 23. Nc5 Nb5 24. Qb3 Bxc5 25. dxc5 Rxe1+ 26. Rxe1 Qxa5 27. Bxd5 Qxc3 28. Qxc3 Nxc3 29. Bxc6 bxc6 30. Re6 Nd5 31. Rxc6 Nxf4 32. gxf4 a5 33. Rb6 Rc8 34. c6 Kg7 35. Kg2 a4 36. Ra6 Kh6 37. Kf3 f5 38. Ke3 Kh5 39. Kd4 Kxh4 40. Kc5 Kg4 41. Rxa4 Kf3 42. Kd6 h5 43. Kd7 Rh8 44. c7 Kxf2 45. c8Q Rxc8 46. Kxc8 Kg3 47. Kd7 h4 48. Ke6 h3 49. Ke5 h2 50. Ra1 Kg4 51. Rf1 Kg3 52. Kf6 Kg2 53. Ra1 Kg3 54. Kg5 Kf3 55. Rh1 1-0